000 00292nam a2200109Ia 4500
008 190914s9999||||xx |||||||||||||| ||und||
100 _aZaka Ali
245 4 _aThe Sind Urban Immovable Property Tax ACT and The Rules 1985
260 _aKarachi
_bLabour Laws
_c1995
300 _a658
942 _cBK
999 _c9745
_d9745